Statistics for Guess the countries based on their alternate or former name

Click here to take the quiz!

General Stats

  • This quiz has been taken 223 times
  • The average score is 8 of 11

Answer Stats

HintAnswer% Correct
Informally known as HollandNetherlands
97%
Also known as Chinese Taipei or, officially, the Republic of ChinaTaiwan
93%
Known as Zaire from 1971-1997DR Congo
87%
Officially the Republic of Côte d'IvoireIvory Coast
87%
This country's military government changed its name to Myanmar in 1989Burma
86%
Formerly known as SiamThailand
84%
Also known as KampucheaCambodia
76%
Formerly known as CeylonSri Lanka
75%
This African nation changed its name in 1984 and was formerly called the Republic of Upper VoltaBurkina Faso
58%
Formerly known as New HollandAustralia
51%
Before being renamed in 1975, this African country was called the Republic of DahomeyBenin
47%

Score Distribution

Percentile by Number Answered

Percent of People with Each Score

Your Score History

You have not taken this quiz